| 000 | 00423cam a22001457a 4500 | ||
|---|---|---|---|
| 999 |
_c509162 _d509162 |
||
| 008 | 180718b-- xxu||||| |||| 00| 0 eng d | ||
| 082 | _aA45:D 1989-1992 | ||
| 100 |
_aIndia. Ministry of External Affairs _93668 |
||
| 245 | _aAnnual report, 1989-92 | ||
| 260 |
_aNew Delhi _bGovernment of India |
||
| 300 | _av.p. | ||
| 500 | _aLibrary has 1956/57-2007/08, 2009/10 | ||
| 650 |
_aInternational relations _94764 |
||
| 942 | _2ddc | ||